Pesticides.
| Format: | Book |
|---|---|
| Published: |
O' Donnel:
Organic Exchange,
2010.
|
| Subjects: |
| LEADER | 00402cam a2200145 7i4500 | ||
|---|---|---|---|
| 001 | 0000026134 | ||
| 005 | 20110419090000.0 | ||
| 090 | 0 | 0 | |a P 363.738 |b PES |
| 245 | 0 | 0 | |a Pesticides. |
| 260 | 0 | 0 | |a O' Donnel: |b Organic Exchange, |c 2010. |
| 300 | # | # | |a 31 p. |
| 650 | 0 | 0 | |a Pesticides |
| 650 | 0 | 0 | |a Agricultural pests |
| 650 | 0 | 0 | |a Pesticides -- |x Environmental aspects |
| 999 | |a 0000026367 |b Book |c Book |e Business Information Centre | ||